000 00865nam a2200277 a 4500
001 78152
003 BD-RjUL
005 20211209083108.0
008 210329s1965 enk 000 0 eng d
035 _aOCLC ocm01231429 from D941020M
035 _a(BD-RjUL)78378
040 _aRRR
_cRRR
_dEQO
_dBD-RjUL
_beng
041 _aeng
082 _223
_a822.33
_bBES 1965
100 1 _aBeck, Richard J.
_9246676
245 1 0 _aShakespeare :
_bHenry IV /
_cby Richard J. Beck
260 _aLondon :
_bArnold,
_c1965
300 _a69, [3] p. ;
_c19 cm.
490 1 _aStudies in English literature ;
_vn. 24
500 _aIncludes index
504 _aBibliography: p. [70]
600 1 0 _aShakespeare, William,
_d1564-1616.
_tKing Henry IV.
_9246679
830 0 _aStudies in English literature (London, England) ;
_vn. 24
_9246680
942 _2ddc
_cBK
999 _c78152
_d78152